[Event "DSOL 02 Liga Gr-B 1st"]
[Site "Playchess.com INT"]
[Date "2020.08.03"]
[Round "7.3"]
[White "Hellrung, Bernhard"]
[Black "Unbehend, Marius"]
[Result "1/2-1/2"]
[WhiteElo "1831"]
[BlackElo "1684"]
[PlyCount "64"]
[EventDate "2020.06.22"]
[EventType "team-tourn (rapid)"]
[EventCountry "GER"]
[SourceTitle "EXT 2021"]
[Source "ChessBase"]
[SourceDate "2020.10.23"]
[SourceVersion "1"]
[SourceVersionDate "2020.10.23"]
[SourceQuality "1"]
[WhiteTeam "Breitenworbis"]
[BlackTeam "Schwarzenbach Caissa"]
[WhiteTeamCountry "GER"]
[BlackTeamCountry "GER"]

1. e4 e6 2. d4 d5 3. e5 c5 4. c3 Nc6 5. Be3 Bd7 6. Nf3 Qb6 7. Qd2 cxd4 8. cxd4 Nge7 9. Nc3 Nf5 10. Be2 Be7 11. 0-0 Rc8 12. Rac1 Na5 13. b3 0-0 14. Bd3 Nxe3 15. fxe3 Bb4 16. Qb2 Bxc3 17. Rxc3 Bb5 18. Qc2 Rxc3 19. Qxc3 Bxd3 20. Qxd3 Nc6 21. Ng5 g6 22. Qe2 Qd8 23. Rf6 h6 24. Nh3 Nb8 25. Rf3 Qc7 26. Nf4 Nc6 27. Qf2 Qe7 28. h4 Rc8 29. Qg3 Kh7 30. Qf2 Kg8 31. Qg3 Kh7 32. Qf2 Kg8 1/2-1/2

[Event "GER-ch Net Amateur Gr-B Vor2"]
[Site "Playchess.com INT"]
[Date "2020.04.15"]
[Round "4"]
[White "Braeutigam, Katerina"]
[Black "Unbehend, Marius"]
[Result "0-1"]
[WhiteElo "1446"]
[BlackElo "1552"]
[PlyCount "60"]
[EventDate "2020.04.15"]
[EventType "swiss (blitz)"]
[EventRounds "9"]
[EventCountry "GER"]
[SourceTitle "CBM 196 Extra"]
[Source "ChessBase"]
[SourceDate "2020.07.31"]
[SourceVersion "1"]
[SourceVersionDate "2020.07.31"]
[SourceQuality "1"]

1. e4 e6 2. d4 d5 3. e5 c5 4. c3 Nc6 5. Nf3 Bd7 6. a3 f6 7. exf6 Nxf6 8. Bd3 Qc7 9. 0-0 Be7 10. Re1 0-0 11. Nbd2 cxd4 12. cxd4 Bd6 13. Nf1 Rae8 14. Bg5 e5 15. dxe5 Nxe5 16. Nxe5 Rxe5 17. Bxf6 Rxf6 18. Rxe5 Bxe5 19. Bc2 Bc6 20. Bb3 Qd6 21. Rb1 Rh6 22. h3 Rg6 23. Ne3 Kh8 24. Bxd5 Bxd5 25. Qxd5 Qxd5 26. Nxd5 Rd6 27. Nc3 Bxc3 28. bxc3 b6 29. Re1 Kg8 30. Re7 a5 0-1

[Event "GER-ch Net Amateur Gr-B Vor2"]
[Site "Playchess.com INT"]
[Date "2020.04.15"]
[Round "5"]
[White "Unbehend, Marius"]
[Black "Neuhoff, Laertes"]
[Result "1-0"]
[WhiteElo "1552"]
[BlackElo "1620"]
[PlyCount "59"]
[EventDate "2020.04.15"]
[EventType "swiss (blitz)"]
[EventRounds "9"]
[EventCountry "GER"]
[SourceTitle "CBM 196 Extra"]
[Source "ChessBase"]
[SourceDate "2020.07.31"]
[SourceVersion "1"]
[SourceVersionDate "2020.07.31"]
[SourceQuality "1"]

1. d4 d5 2. Bf4 Nf6 3. Nf3 e6 4. e3 c5 5. c3 Nc6 6. Bd3 Be7 7. Nbd2 0-0 8. 0-0 b6 9. Ne5 Nxe5 10. dxe5 Nd7 11. Qh5 f5 12. Nf3 c4 13. Bc2 Nc5 14. Bg5 Bxg5 15. Nxg5 h6 16. Nf3 Bd7 17. Nd4 Be8 18. Qh3 Bf7 19. f4 Qc7 20. g4 Bg6 21. gxf5 exf5 22. Bxf5 Bxf5 23. Nxf5 Qd7 24. e4 Nxe4 25. Nxh6+ gxh6 26. Qxd7 Rf7 27. Qxd5 Nc5 28. Rf2 Raf8 29. Rg2+ Kh7 30. Rf1 1-0

[Event "GER-ch Net Amateur Gr-B Vor2"]
[Site "Playchess.com INT"]
[Date "2020.04.15"]
[Round "2"]
[White "Unbehend, Marius"]
[Black "Prill, Gerhard"]
[Result "0-1"]
[WhiteElo "1552"]
[BlackElo "1687"]
[PlyCount "78"]
[EventDate "2020.04.15"]
[EventType "swiss (blitz)"]
[EventRounds "9"]
[EventCountry "GER"]
[SourceTitle "CBM 196 Extra"]
[Source "ChessBase"]
[SourceDate "2020.07.31"]
[SourceVersion "1"]
[SourceVersionDate "2020.07.31"]
[SourceQuality "1"]

1. e3 e5 2. d4 exd4 3. exd4 Nf6 4. Bd3 d5 5. Nc3 Bd6 6. Nge2 c6 7. Bg5 Bg4 8. f3 Be6 9. Qd2 Nbd7 10. Ng3 Qb6 11. Bf4 Bb4 12. 0-0-0 Qxd4 13. Nge2 Qb6 14. Be3 Qa5 15. g4 h6 16. h4 0-0-0 17. g5 hxg5 18. hxg5 Rxh1 19. Rxh1 Ne8 20. Bd4 c5 21. Bf2 d4 22. Nxd4 cxd4 23. Bxd4 Nb6 24. a3 Bxc3 25. Bxc3 Qd5 26. Re1 Nc4 27. Qf4 Ncd6 28. Be4 Qc5 29. Bb4 Qb6 30. Re3 a5 31. Rc3+ Kb8 32. Bc5 Qa6 33. Bd3 Qa8 34. Qe5 a4 35. Bxd6+ Nxd6 36. Qc5 Rd7 37. Bb5 Nxb5 38. Qxb5 Qa6 39. Qc5 Qf1# 0-1

[Event "GER-ch Net Amateur Gr-B Vor1"]
[Site "Playchess.com INT"]
[Date "2020.04.14"]
[Round "7"]
[White "Linn, Thorsten"]
[Black "Unbehend, Marius"]
[Result "1-0"]
[WhiteElo "1650"]
[BlackElo "1548"]
[PlyCount "151"]
[EventDate "2020.04.14"]
[EventType "swiss (blitz)"]
[EventRounds "9"]
[EventCountry "GER"]
[SourceTitle "EXT 2021"]
[Source "ChessBase"]
[SourceDate "2020.10.23"]
[SourceVersion "1"]
[SourceVersionDate "2020.10.23"]
[SourceQuality "1"]

1. Nf3 e6 2. d4 f5 3. c3 Nf6 4. Bg5 d5 5. Ne5 Be7 6. Nd2 0-0 7. e3 c6 8. Bd3 Nbd7 9. Nxd7 Bxd7 10. Bxf6 Bxf6 11. Qc2 Qe7 12. 0-0-0 b5 13. g4 a5 14. f4 Rfb8 15. g5 b4 16. c4 a4 17. gxf6 Qxf6 18. Qb1 b3 19. a3 c5 20. Nf3 cxd4 21. Nxd4 Rc8 22. Kd2 dxc4 23. Be2 e5 24. fxe5 Qxe5 25. Qc1 f4 26. Qc3 Be8 27. exf4 Qxf4+ 28. Qe3 Qf6 29. Rdf1 Qg6 30. Qc3 Bc6 31. Rhg1 Qh6+ 32. Qe3 Qxe3+ 33. Kxe3 Re8+ 34. Kd2 Rad8 35. Rg4 Rd7 36. Bxc4+ Kh8 37. Rfg1 Red8 38. Kc3 g6 39. Nxc6 Re8 40. Nd4 Re3+ 41. Kb4 Rb7+ 42. Kxa4 Re5 43. Nb5 Kg7 44. R1g3 Re8 45. Kxb3 Reb8 46. a4 Re7 47. Rd4 Rbe8 48. Rgd3 Re3 49. Rd7+ Kh8 50. Rxe3 Rxe3+ 51. Kb4 h5 52. Rd2 Rh3 53. a5 Re3 54. a6 Kg7 55. a7 Re8 56. Rd7+ Kh6 57. Rb7 Kg5 58. Rb8 Re7 59. a8Q Kf4 60. Rf8+ Kg5 61. Qg2+ Kh6 62. h4 Kg7 63. Rf7+ Rxf7 64. Bxf7 Kxf7 65. Qg5 Kg8 66. Qe7 Kh8 67. Nd4 Kg8 68. Kc3 g5 69. hxg5 h4 70. Nf3 h3 71. b4 h2 72. Nxh2 Kh8 73. b5 Kg8 74. b6 Kh8 75. b7 Kg8 76. b8Q# 1-0

[Event "GER-ch Net blitz qual4"]
[Site "Playchess.com INT"]
[Date "2020.03.23"]
[Round "3"]
[White "Janhoff, Axel"]
[Black "Unbehend, Marius"]
[Result "1/2-1/2"]
[WhiteElo "2014"]
[BlackElo "1528"]
[PlyCount "72"]
[EventDate "2020.03.23"]
[EventType "swiss (blitz)"]
[EventRounds "9"]
[EventCountry "GER"]
[SourceTitle "CBM 195 Extra"]
[Source "ChessBase"]
[SourceDate "2020.05.31"]
[SourceVersion "1"]
[SourceVersionDate "2020.05.31"]
[SourceQuality "1"]

1. Nf3 Nf6 2. g3 d5 3. Bg2 c5 4. c4 Nc6 5. cxd5 Nxd5 6. 0-0 Be6 7. a3 g6 8. Nc3 Bg7 9. Qc2 0-0 10. d3 Nxc3 11. bxc3 Qc7 12. Rb1 b6 13. Bf4 Qd7 14. Rfd1 Rac8 15. Qd2 Rfd8 16. Rdc1 Na5 17. c4 Qa4 18. Ng5 Bd7 19. Qe3 Bf6 20. Be5 Bc6 21. Bxf6 exf6 22. Ne4 Bxe4 23. Qxe4 Qc6 24. Qf4 Qe6 25. Bd5 Qe5 26. Qf3 Nc6 27. e3 Ne7 28. Bb7 Rc7 29. a4 Rdd7 30. Be4 f5 31. Ba8 Rd8 32. d4 cxd4 33. exd4 Rxd4 34. Re1 Qf6 35. Qe3 Rdxc4 36. Rbd1 Re4 1/2-1/2

[Event "GER-ch U25-B"]
[Site "Willingen"]
[Date "2019.06.12"]
[Round "5"]
[White "Unbehend, Marius"]
[Black "Chromey, Tamir"]
[Result "1/2-1/2"]
[WhiteElo "1395"]
[BlackElo "1627"]
[PlyCount "42"]
[EventDate "2019.06.08"]
[EventType "swiss"]
[EventRounds "9"]
[EventCountry "GER"]
[SourceTitle "CBM 191 Extra"]
[Source "ChessBase"]
[SourceDate "2019.09.30"]
[SourceVersion "1"]
[SourceVersionDate "2019.09.30"]
[SourceQuality "1"]

1. e4 e6 2. d4 d5 3. Nd2 dxe4 4. Nxe4 Nd7 5. Nf3 Ngf6 6. Bd3 b6 7. Qe2 Be7 8. Bf4 Bb7 9. c3 0-0 10. h4 c5 11. Nxf6+ Nxf6 12. Be5 cxd4 13. Bxd4 h6 14. 0-0-0 Qc8 15. Rhg1 Qc6 16. Ne5 Qc7 17. g4 Nd5 18. g5 Nf4 19. Qe3 Nxd3+ 20. Qxd3 h5 21. Qe2 g6 1/2-1/2